000 01134cam a22002291 4500
001 ss 50000004
003 DLC
005 20260227112751.0
008 830813s1950 dcua f000 0 eng c
010 _ass 50000004
035 _a(OCoLC)9808634
040 _aU.S. Social Security Administration. Library
_cGASU
_dOCoLC
_dDLC
042 _apremarc
050 0 0 _aHA38
_b.A4 1949
110 1 _aUnited States.
_bChildren's Bureau.
245 1 4 _aThe confidential nature of birth records,
_bincluding the special registration problems of children born out of wedlock, children of unknown parentage, legitimated children, and adopted children; a policy recommended by American Association of Registration Executives, Council on Vital Records and Statistics, and endorsed by Children's Bureau and National Office of Vital Statistics, Federal Security Agency, January 1949.
260 _aWashington,
_bU.S. Govt. Print. Off.,
_c[1950]
300 _a11 p.
_billus.
_c24 cm.
490 1 _aIts Publication
_vno. 332
650 0 _aRegisters of births, etc.
_zUnited States.
810 1 _aUnited States.
_bChildren's Bureau.
_tPublication
_vno. 332.
999 _c90922
_d90922